000
00256nam a2200097Ia 4500
001
719571
005
20250826163045.0
008
250824s9999 xx 000 0 und d
245
0
_a
TÜRKÇE YAZIM KILAVUZU
_c
Yazar Adı Belirtilmemiş
260
_b
ALFA YAYINLARI
999
_c
719571
_d
719571